Estudio de normas para carriles de ascenso en carreteras de Costa Rica
Guardado en:
| Hovedforfatter: | |
|---|---|
| Format: | Bog |
| Udgivet: |
San José, Costa Rica
1987
|
| Fag: | |
| Tags: |
Tilføj Tag
Ingen Tags, Vær først til at tagge denne postø!
|
MARC
| LEADER | 00000nam a2200000Ia 4500 | ||
|---|---|---|---|
| 003 | 004581 | ||
| 005 | 20221231144346.0 | ||
| 008 | 140114s1987 cr a m 000 ||s d | ||
| 040 | |c cru CEDI | ||
| 090 | |a TFG 2069 | ||
| 100 | |a Corrales Poveda, Federico Alberto |9 13717 | ||
| 245 | |a Estudio de normas para carriles de ascenso en carreteras de Costa Rica | ||
| 260 | |c 1987 |a San José, Costa Rica | ||
| 300 | |a 212 hojas : ilustraciones ; 28 cm | ||
| 500 | |a Tesis (licenciatura en ingeniería civil)--Universidad de Costa Rica. Facultad de Ingeniería. Escuela de Ingeniería Civil | ||
| 650 | |x CARRETERAS - COSTA RICA |9 13718 | ||
| 942 | |c TFG | ||
| 999 | |c 20690 |d 20690 | ||
